000 00775nam a2200241 a 4500
001 BRCA_2333
005 20190320203750.0
008 030330s2001 mx-a---##b---#000-0bspa-d
020 _a9683692885
040 _aIQU
_cIQU
_dFUG
041 _aspa
044 _amx
050 4 _aNK2446.P6
_b.S25 2001
100 1 _aSalinas Flores, Oscar
_97013
245 1 0 _aClara Porset
_buna vida inquieta, una obra sin igual
_cOscar Salinas Flores.
260 _aMéxico
_bUNAM, Facultad de Arquitectura
_c2001
300 _a95 p.
_bil.
_c25 cm.
600 1 4 _aPorset, Clara
_d1895-1981
_93389
650 1 4 _aDiseñadores de muebles
_vBiografía
_zMéxico
_93387
650 1 4 _aDiseñadores industriales
_vBiografía
_zMéxico
_97014
700 1 _aPorset, Clara
_d1895-1981
_93389
942 _2lcc
_cB
999 _c2078
_d2078